000
00213 a2200097 4500
001
35119
100
_a
RIC D S Richards
245
_a
The Sauage Frontier
260
_a
London
_b
Macmillan
_c
090
_c
23263
_d
23263
942
_a
NUST-CAE
_c
M
_c
14740
999
_c
270192
_d
270192